000 01251nam a22002657a 4500
005 20240530110524.0
008 160224s2010 ua g | 000 0dara d
017 _a2009/14165
_bمصر . دار الكتب المصرية
020 _a9789774794752
040 _aEG-CaGPL
082 0 4 _221
_a962.031
_bق/د م
100 1 _aداون ، القومندان جورج
245 1 0 _aمشروع حملة محمد على على الجزائر ( 1829 - 1830 ) :
_bوثائق وزارة الخارجية الفرنسية /
_cاعداد القومندان جورج داون ؛ ترجمة عثمان مصطفى عثمان ؛ مراجعة عبدالرءوف احمد عمرو
250 _aط1
260 _aالقاهرة :
_bالمركز القومى للترجمة ،
_c2010 .
300 _a247 ص ؛
_c24 سم .
490 _aالمشروع القومى للترجمة ؛
_v1470
600 0 4 _aمحمد على
651 0 4 _aمصر
_xتاريج
_yالعصر الحديث
_yعصر محمد على
651 0 4 _aالجزائر
_xحملة محمد على
700 0 _aعثمان مصطفى عثمان
_eمترجم
700 0 _aعبدالرءوف احمد عمرو
_eمراجع
942 _2ddc
_cBK
999 _c61948
_d61948